Crisis económica y lucha popular/

Enregistré dans:
Détails bibliographiques
Auteur principal: Ramírez, Francisco
Autres auteurs: Gamboa, Francisco
Format: Texte
Publié: San José: Editorial Presbere
Tags: Ajouter un tag
Pas de tags, Soyez le premier à ajouter un tag!

MARC

LEADER 00000 a a2200000 04500
001 15267
003
040
090 |a 018300  
100 |a Ramírez, Francisco  
245 |a Crisis económica y lucha popular/   |c Francisco Ramírez 
260 |a San José:   |b Editorial Presbere  
300 |a 48 p.  
700 |a Gamboa, Francisco  
999 |c 16035  |d 16035